=LDR 00000nam 2200000 4500 =001 INLIS000000000015240 =005 20130612110524 =008 ***********************************Ind** =035 ##$$0010-061300000015240 =041 ##$$a Ind =082 ##$$a 621.31 =090 ##$$a 621.31, Suh =100 ##$$a Suharto =245 ##$$a Teori Bahan dan Pengaturan Teknik, Suharto =260 ##$$a 1995 $b Jakarta =300 ##$$a XII, 299 hlm, Ilus, 21 cm =650 ##$$a Teknik Listrik =850 ##$$a NBPNMAT